Estudios en gubernamentalidad. Ensayos sobre poder, vida y neoliberalismo.

Saved in:
Bibliographic Details
Main Author: Follegati Montenegro, Luna (compiladora)
Other Authors: Karmy Bolton, Rodrigo (compilador)
Format: Book
Published: Viña del Mar, Chile: Communes, 2018.
Series:Asociaciones ;
Subjects:
Tags: Add Tag
No Tags, Be the first to tag this record!

MARC

LEADER 00000nam a22000007a 4500
003 CL-VaPUC
005 20250313110309.0
008 241121t2018 ||||| |||| 00| 0 spa d
999 |c 445873  |d 445871 
020 |a 978-956-9830-10-5 
040 |c Pontificia Universidad Católica de Valparaíso 
082 |a 303.301 FOL 2018 
100 1 |a Follegati Montenegro, Luna   |e compiladora  |9 894117 
245 |a Estudios en gubernamentalidad.  |b Ensayos sobre poder, vida y neoliberalismo.  
260 |a Viña del Mar, Chile:  |b Communes,   |c 2018. 
300 |a 326 páginas.  
490 |a Asociaciones ;  |n  1. 
500 |a c.1.Donación Profesora Irene Renau -Biblioteca de Educación MEMO s/n 20-11-2024 
583 |c 20241121  |k GC 
600 0 |9 257945  |a Foucault, Michel  |d 1926-1984  |e Filósofo   |x Pensamiento político filosófico   |x Crítica al Neoliberalismo  |z Francia  
650 0 |9 255502  |a Poder (Ciencias sociales)  |x Gubernamentalidad  |z Chile 
650 0 |a Filosofía política  |z Chile  |9 295215 
700 |a Karmy Bolton, Rodrigo  |e compilador  |9 894118 
942 |2 ddc  |c BK 
952 |0 0  |1 0  |2 ddc  |4 0  |6 303_301000000000000_FOL_2018  |7 0  |8 A  |9 598190  |a BIBEDU  |b BIBEDU  |c L_POSLL  |d 2024-11-21  |e Donación   |i 5663381  |o 303.301 FOL 2018  |p 5663381  |r 2025-01-22  |t 1  |w 2024-11-21  |y BK  |k MLA